|
000
|
01143nam 2200277 450
|
|
001
|
012025000440
|
|
005
|
20240926153014.0
|
|
010
|
|
@a978-7-100-22974-6@b精装@dCNY46.00
|
|
100
|
|
@a20240926d2024 em y0chiy50 ea
|
|
101
|
1
|
@achi@cjpn
|
|
102
|
|
@aCN@b110000
|
|
105
|
|
@ay a 000yy
|
|
106
|
|
@ar
|
|
200
|
1
|
@a禅学思想史@Achan xue si xiang shi@i印度卷@f(日) 忽滑谷快天著@g宋立道译
|
|
210
|
|
@a北京@c商务印书馆@d2024.7
|
|
215
|
|
@a197页@d22cm
|
|
305
|
|
@a根据日本东京玄黄社1923年版译出
|
|
314
|
|
@a忽滑谷快天 (1867-1934), 日本曹洞宗学僧、文学博士, 曾任驹泽大学校长。宋立道, 男, 1949年生, 中国社会科学院研究生院培养的硕士及博士, 长期从事佛教研究及西方相关研究成果的译介。
|
|
320
|
|
@a有书目
|
|
330
|
|
@a本书分为两编, 第一编说外道禅, 第二编说小乘禅。其关注点是前佛教时代有代表性的宗教家之冥坐主张, 涉及了从印度吠陀经典、奥义书到印度小乘佛教的“祖师禅”行法。
|
|
606
|
0
|
@a禅宗@Achan zong@x佛教史@y印度
|
|
690
|
|
@aB9@v5
|
|
701
|
0
|
@a忽滑谷快天,@Ahu hua gu kuai tian@f1867-1934@4著
|
|
702
|
0
|
@a宋立道,@Asong li dao@f1949-@4译
|
|
801
|
0
|
@aCN@bCDNYKJZYXY@c20240926
|
|
905
|
|
@aCDNYKJZYXY@b300731355-57@dB9@e260@f3
|
|
|
|
|
| |
| 禅学思想史.印度卷/(日) 忽滑谷快天著/宋立道译.-北京:商务印书馆,2024.7 |
| 197页;22cm |
| |
| |
| ISBN 978-7-100-22974-6(精装):CNY46.00 |
| 本书分为两编, 第一编说外道禅, 第二编说小乘禅。其关注点是前佛教时代有代表性的宗教家之冥坐主张, 涉及了从印度吠陀经典、奥义书到印度小乘佛教的“祖师禅”行法。 |
| ● |
正题名:禅学思想史
索取号:B9/260
 
预约/预借
| 序号
|
登录号
|
条形码
|
馆藏地/架位号
|
状态
|
备注
|
|
1
|
731355
|
300731355
|
流通书库/
[索取号:B9/260]
|
在馆
|
|
|
2
|
731356
|
300731356
|
流通书库/
[索取号:B9/260]
|
在馆
|
|
|
3
|
731357
|
300731357
|
流通书库/
[索取号:B9/260]
|
在馆
|
|